|
|
|
|
| LEADER |
00768cam a2200241 7i4500 |
| 001 |
0000054477 |
| 005 |
20151104090000.0 |
| 005 |
##20151104173000.0 |
| 002 |
##000001426 |
| 003 |
##MY-KlINT |
| 008 |
151104 00010 eng |
| 039 |
# |
9 |
|y 201511041730
|z VLOAD
|
| 090 |
0 |
0 |
|a 307.14 TEN
|
| 100 |
1 |
# |
|a TENDLER, Judith.
|
| 245 |
0 |
0 |
|a Rural projects through urban eyes :
|b an interpretation of the world bank's new-style rural development projects /
|c Judith Tendler..
|
| 250 |
# |
# |
|a 1st ed..
|
| 260 |
# |
# |
|a Washington:
|b World Bank,
|c 1982.
|
| 300 |
# |
# |
|a 86p; 27cm.
|
| 650 |
# |
0 |
|a Rural development projects
|
| 996 |
|
|
|a ikwas2000.out
|
| 997 |
|
|
|a 3000017412
|b IKWS
|c MNF
|d BOK
|
| 998 |
|
|
|a 0000001406
|
| 999 |
|
|
|a 3000017412
|b BOOK
|c Main Non-Fiction
|e INTAN Kampus Wilayah Selatan
|